Don Eusebio Blasco y Soler (Record no. 66507)

MARC details
000 -LEADER
campo de control de longitud fija 00871nam a2200241 i 4500
001 - NÚMERO DE CONTROL
campo de control 66507
003 - IDENTIFICADOR DE NÚMERO DE CONTROL
campo de control ES-MaACL
005 - FECHA Y HORA DE LA ÚLTIMA TRANSACCIÓN
campo de control 20230908192500.0
007 - CAMPO FIJO DE DESCRIPCIÓN FÍSICA--INFORMACIÓN GENERAL
campo de control de longitud fija t|
008 - DATOS DE LONGITUD FIJA--INFORMACIÓN GENERAL
campo de control de longitud fija 030527s2003 sp ||||0| spa d
020 ## - NÚMERO INTERNACIONAL ESTÁNDAR DEL LIBRO
Número Internacional Estándar del Libro 84-8069-315-0
040 ## - FUENTE DE CATALOGACIÓN
Centro catalogador/agencia de origen M-BN
Lengua de catalogación spa
Centro/agencia transcriptor M-BN
080 ## - NÚMERO DE LA CLASIFICACIÓN DECIMAL UNIVERSAL
Número de la Clasificación Decimal Universal 929 Blasco y Soler, Eusebio
100 1# - ENTRADA PRINCIPAL--NOMBRE DE PERSONA
Nombre de persona Faci Ballabriga, Mariano Alejandro.
9 (RLIN) 48596
245 10 - MENCIÓN DEL TÍTULO
Título Don Eusebio Blasco y Soler
Resto del título : zaragozano, aragonés y pilarista /
Mención de responsabilidad, etc. Mariano A. Faci Ballabriga.
260 ## - PUBLICACIÓN, DISTRIBUCIÓN, ETC.
Lugar de publicación, distribución, etc. [Zaragoza] :
Nombre del editor, distribuidor, etc. Ayuntamiento de Zaragoza, Servicio de Cultura,
Fecha de publicación, distribución, etc. [2003]
300 ## - DESCRIPCIÓN FÍSICA
Extensión 519 p., [25] p. de lám. col :
Otras características físicas il ;
Dimensiones 25 cm.
600 14 - PUNTO DE ACCESO ADICIONAL DE MATERIA--NOMBRE DE PERSONA
Nombre de persona Blasco, Eusebio,
Fechas asociadas al nombre 1844-1903-
Subdivisión de forma Biografías
9 (RLIN) 29405
700 1# - ENTRADA AGREGADA--NOMBRE PERSONAL
Nombre de persona Blasco, Eusebio,
Fechas asociadas al nombre 1844-1903
9 (RLIN) 126018
710 1# - ENTRADA AGREGADA--NOMBRE DE ENTIDAD CORPORATIVA
Nombre de entidad corporativa o nombre de jurisdicción como elemento de entrada Zaragoza.
Unidad subordinada Ayuntamiento.
9 (RLIN) 7583
852 ## - LOCALIZACIÓN
Ubicación ES-MaACL
Número de control de estantería L-26998
Sublocalización o colección R.132707
Holdings
Estatus retirado Estado de pérdida Estado de daño No para préstamo Biblioteca de origen Biblioteca actual Ubicación en estantería Fecha de adquisición Fuente de adquisición Total de préstamos Signatura topográfica completa Código de barras Visto por última vez Precio de reemplazo Tipo de ítem Koha
        Biblioteca del Ateneo de Madrid Biblioteca del Ateneo de Madrid Depósito 2 17/01/2008     L-26998 1069669 23/02/2023 23/02/2023 Libro impreso